000 01357cam a2200325 i 4500
001 storyofwesternar00rise
003 CaSfIA
005 20210119084839.0
007 cr||||
008 790912s1979 nyua b 001 0 eng
035 _9(DLC) 78065646
856 4 1 _uhttp://www.archive.org/details/storyofwesternar00rise
_zFree eBook from the Internet Archive
856 4 2 _uhttp://www.openlibrary.org/books/OL4747369M
_zAdditional information and access via Open Library
010 _a 78065646
020 _a0684160501 :
_c12.95
040 _aDLC
_cDLC
_dDLC
_dCaSfIA
050 0 0 _aNA200
_b.R57
082 0 0 _a720/.9
100 1 _aRisebero, Bill,
_d1938-
245 1 4 _aThe story of western architecture /
_h[electronic resource]
_cBill Risebero.
260 _aNew York :
_bScribner,
_cc1979.
300 _a272 p. :
_bill. ;
_c26 cm.
504 _aBibliography: p. 264-265.
500 _aIncludes index.
650 0 _aArchitecture, Western
_xHistory.
650 0 _aArchitecture and society
_xHistory.
942 _cEB
506 _fНеобхідна авторизація на https://archive.org/ (створення облікового запису безкоштовно)
506 _fНеобхідна авторизація на https://openlibrary.org/ (створення облікового запису безкоштовно)
999 _c553042
_d553042